000 01615nam a2200325 a 4500
001 BRCA_3056
005 20190320204105.0
008 230109s1786----fr-a---###---#000-0#fre-u
041 _afre
044 _afr
084 _a362
_b.S46
_c1786
100 1 _aCervantes Saavedra, Miguel de
_d1547-1616
_9213
245 1 0 _aHistoire de L´Admirable Don Quichotte de la Manche
_cMiguel de Cervantes Saavedra ; Traduite de L´Espagnol par Filleau de Saint-Martin.
260 _aAvignon
_bFrancois Seguin
_c1786
300 _a6 v.
_bil.
_c18 cm.
500 _aContenido : v 1. Primera parte. Advertencia del traductor. Prólogo del autor. Texto. -- v 2. Texto. -- v 3. Segunda parte. Texto. -- v 4. Texto. -- v 5. Primera parte de la continuación escrita por el traductor. Texto. -- v6. Segunda parte de la continuación escrita por el traductor. Texto
500 _aEdición : Nouvelle edition revueé corrigée et augmentée
500 _aEjemplar enteramente igual al LO-361. Piel; lomeras decoradas con dorados Lúdovik Osterc
500 _aEstado físico : En el volumen 2, el lomo está ligeramente desprendido de la parte superior
500 _aQMB131
546 _aTexto en : francés
650 1 4 _aNovela española
_yÉpoca clásica, 1500-1700
_9215
650 1 4 _aLiteratura española
_yÉpoca clásica, 1500-1700
_9216
650 1 4 _aNovela española
_ySiglo XVII
_9217
650 1 4 _aDon Quijote (Personaje ficticio)
_eNovela
_9218
700 1 _aSaint-Martin, Francois Filleau de
_d1632-1696
_eTraductor
_98376
740 0 _aEl Ingenioso Hidalgo Don Quijote de la Mancha
902 _aQFM
942 _2lcc
_cB
999 _c2792
_d2792